Nueva historia
Uloženo v:
| Hlavní autor: | |
|---|---|
| Médium: | Kniha |
| Jazyk: | španělština |
| Vydáno: |
Madrid
Gredos
1992
|
| Edice: | Biblioteca Clásica Gredos, 174
|
| Témata: | |
| Tagy: |
Přidat tag
Žádné tagy, Buďte první, kdo vytvoří štítek k tomuto záznamu!
|
MARC
| LEADER | 00000nam a2200000 a 4500 | ||
|---|---|---|---|
| 001 | UCJ0030 | ||
| 003 | CL-VaPUC | ||
| 008 | 060623e19920000SP |||||||||||||||||spa|d | ||
| 020 | |a 8424916050 | ||
| 082 | 0 | 4 | |a 923.1 |b ZOS |2 21 |
| 100 | 0 | |a Zósimo |e author |9 500063 | |
| 245 | 1 | 0 | |a Nueva historia |
| 300 | |a 560 p | ||
| 942 | |c BK | ||
| 945 | |d 20060623 00:00:00 |a jtorresc | ||
| 260 | |a Madrid |b Gredos |c 1992 | ||
| 600 | 0 | 7 | |a ZOSIMO |2 CL-VaPUC |9 500064 |
| 650 | 0 | |a Biografías clásicas |9 265901 | |
| 650 | 0 | |a Historia antigua |9 267521 | |
| 583 | |a last modification |c 20130305 12:40:18 |k Rodrigo Vera | ||
| 490 | 0 | |a Biblioteca Clásica Gredos, 174 | |
| 999 | |c 317021 |d 317019 | ||
| 952 | |0 0 |1 0 |4 0 |6 923_100000000000000_ZOS_1992 |7 0 |8 X |9 392690 |a BIBHIS |b BIBHIS |d 2019-11-22 |i 4234944 |l 1 |o 923.1 ZOS 1992 |p 4234944 |r 2024-01-30 |s 2023-10-10 |w 2019-11-22 |y BK_X |k HIS | ||